LEADER 01311nam 2200337Ia 450 001 996396391903316 005 20200824124900.0 035 $a(CKB)4330000000355613 035 $a(EEBO)2240898070 035 $a(OCoLC)ocm11724785e 035 $a(OCoLC)11724785 035 $a(EXLCZ)994330000000355613 100 $a19850222d1676 uy | 101 0 $aeng 135 $aurbn||||a|bb| 200 14$aThe new disease, or, A rational account of the great colds and couhgs [sic] now raging amongst us$b[electronic resource] $eshewing the true causes of the said distempers, and approved remedies for their speedy cure : together with the author's solemn invitation to all that shall escape those maladies, to come and dine with him Christmas next /$fby J.L. student in physick and astrology 210 $aLondon $cPrinted for W.T.$d1676 215 $a7 p 300 $aReproduction of original in Harvard University Library. 330 $aeebo-0062 606 $aMedicine$vEarly works to 1800 615 0$aMedicine 700 $aJ. L$01002880 801 0$bEAJ 801 1$bEAJ 801 2$bUMI 801 2$bWaOLN 906 $aBOOK 912 $a996396391903316 996 $aThe new disease, or, A rational account of the great colds and couhgs now raging amongst us$92352152 997 $aUNISA